| 000 | 01104naa a22002897a 4500 | ||
|---|---|---|---|
| 001 | BR8801705 | ||
| 003 | BR-BrBNA | ||
| 005 | 20240918175956.0 | ||
| 007 | ta | ||
| 008 | 230509b bl.||||| |||| 00| 0 por d | ||
| 040 |
_aBR-BrBNA _bpor _cBiblioteca Nacional de Agricultura |
||
| 041 | _a(En) | ||
| 072 |
_aL10 _b5300 _bG217 |
||
| 090 | _aL10 BR8801705 | ||
| 100 | 1 | _aBichard, M. | |
| 111 | 1 |
_a21. Reuniao Anual da Sociedade Brasileira de Zootecnia _cBelo Horizonte, MG (Brazil) _d16-20 Jul 1984 |
|
| 245 | 1 | _aSwine improvement for tropical and subtropical areas | |
| 260 | 3 |
_aBelo Horizonte, MG (Brasil): _c1984. |
|
| 500 | _a21. Reuniao Anual da Sociedade Brasileira de Zootecnia. Palestras e Comentarios Belo Horizonte, MG (Brasil): 1984. p. 73-86 (BR8801705-AM)L10 | ||
| 650 | _aSUINO | ||
| 650 | _aPRODUCAO ANIMAL | ||
| 650 | _aCRUZAMENTO ANIMAL | ||
| 650 | _aRACA | ||
| 773 | 0 |
_t21. Reuniao Anual da Sociedade Brasileira de Zootecnia. Palestras e Comentarios _wL10 BR8801705 _gBelo Horizonte, MG (Brasil), 1984. p. 73-86 |
|
| 909 |
_a202404 _bLucia _c55 _dLucia Elande |
||
| 942 |
_cAM _2AGRIS |
||
| 999 |
_c319073 _d319073 |
||